Útěk /

Hlavní autor: Velden, Irene von
Další autoři: Chromiaková, Eva
Jazyk: Čeština
Vydáno: Brno : MOBA, [2016]
Vydání: Druhé vydání
Edice: Zlatá růže
Témata:
Fyzický popis: 64 stran ; 22 cm
Knihy
Uloženo v:
LEADER 01337nam a2200409 i 4500
001 nkc20162772602
003 CZ PrNK
005 20160629091651.0
007 ta
008 160115t20162016xr g 000 j cze
015 |a cnb002772602 
020 |a 978-80-243-6991-4  |q (brožováno) :  |c Kč 39,00 
035 |a (OCoLC)953515633 
040 |a OLA001  |b cze  |e rda 
041 1 |a cze  |h ger 
072 7 |a 821-31/-34  |x Milostná, dobrodružná, fantastická próza  |2 Konspekt  |9 25 
080 |a 821-322.5  |2 MRF 
080 |a (0:82-322.5)  |2 MRF 
100 1 |a Velden, Irene von  |7 jx20031204026  |4 aut 
245 1 0 |a Útěk /  |c Irene von Velden ; přeložila Eva Chromiaková 
250 |a Druhé vydání 
264 1 |a Brno :  |b MOBA,  |c [2016] 
264 4 |c ©2016 
300 |a 64 stran ;  |c 22 cm 
336 |a text  |b txt  |2 rdacontent 
337 |a bez média  |b n  |2 rdamedia 
338 |a svazek  |b nc  |2 rdacarrier 
490 1 |a Zlatá růže,  |x 1212-9208 ;  |v sv. 271 
500 |a Přeloženo z němčiny 
655 7 |a milostné povídky  |7 fd132834  |2 czenas 
655 9 |a love short stories  |2 eczenas 
700 1 |a Chromiaková, Eva  |7 xx0035388  |4 trl 
830 0 |a Zlatá růže  |0 s 
910 2 |a BOA001  |b 2-1363.139 
990 |a BK 
995 |a 01 
996 6 |b 2610660826  |c 2-1363.139  |l MZK  |r Sklad / do 1 hodiny  |n 0  |p p.v.  |w 001547093  |u 000010  |a 1  |e BOA001  |j MZK50  |s P